000 00428nam a2200181Ia 4500
005 20240823061116.0
008 240823s9999||||xx |||||||||||||| ||und||
041 _aENGLISH
082 _A658.1 Q9
100 _aNalli Kuppuswami Chettiar
245 0 _aMahabharathatin Viyantha geethai
250 _a2nd
260 _c2019
_bBrain Bank Public
500 _aYES
650 _aTamil
_bGeneral
942 _cBK
999 _c232732
_d232732